Faculty of Law Library — Cairo University

Official Online Catalog

Cours de Droit Administratif et de Législation Française des Finances : (Record no. 76227)

MARC details
000 -LEADER
fixed length control field 01209nam a2200313 i 4500
003 - CONTROL NUMBER IDENTIFIER
control field EG-GICUC
005 - DATE AND TIME OF LATEST TRANSACTION
control field 20260507204203.0
008 - FIXED-LENGTH DATA ELEMENTS--GENERAL INFORMATION
fixed length control field 260507s1897 fr fr|||| 00| 0 fre d
040 ## - CATALOGING SOURCE
Original cataloging agency EG-GiCUC
Language of cataloging fre
Transcribing agency EG-GiCUC
Modifying agency EG-GiCUC
Description conventions Rda
041 ## - LANGUAGE CODE
Language code of text/sound track or separate title fre
082 04 - DEWEY DECIMAL CLASSIFICATION NUMBER
Edition number 21
Classification number 345.122044
Item number DU.C
092 04 - LOCALLY ASSIGNED DEWEY CALL NUMBER (OCLC)
Edition number 21
099 ## - LOCAL FREE-TEXT CALL NUMBER (OCLC)
Classification number Law1 07 345.122044 DU.C 7ed 1897
100 1# - MAIN ENTRY--PERSONAL NAME
Personal name Ducrocq, Th.
Relator term Auteur
245 10 - TITLE STATEMENT
Title Cours de Droit Administratif et de Législation Française des Finances :
Remainder of title avec introduction de droit constitutionnel et les principes du droit public .
Number of part/section of a work TOME DEUXIÈME ,
Name of part/section of a work Tribunaux Administratifs /
Statement of responsibility, etc. Th. Ducrocq.
250 ## - EDITION STATEMENT
Edition statement Septième Édition.
264 1# - PRODUCTION, PUBLICATION, DISTRIBUTION, MANUFACTURE, AND COPYRIGHT NOTICE
Place of production, publication, distribution, manufacture Paris :
Name of producer, publisher, distributor, manufacturer Ancienne Librairie Thorin et Fils, A. Fontemoing, Éditeur,
Date of production, publication, distribution, manufacture, or copyright notice 1897 .
300 ## - PHYSICAL DESCRIPTION
Extent 654 page ;
Dimensions 24 cm.
Other physical details illustration ;
336 ## - CONTENT TYPE
Source rda contenu
Content type term texte
337 ## - MEDIA TYPE
Source rda medias
Media type term Ordinateur
338 ## - CARRIER TYPE
Source transporteur rda
Carrier type term Ressource en ligne
504 ## - BIBLIOGRAPHY, ETC. NOTE
Bibliography, etc. note Bibliography: pages 200-250. 240-220
546 ## - LANGUAGE NOTE
Language note Texte en français
650 1# - SUBJECT ADDED ENTRY--TOPICAL TERM
Topical term or geographic name entry element Droit administratif
Chronological subdivision France
Source of heading or term qrmak
651 1# - SUBJECT ADDED ENTRY--GEOGRAPHIC NAME
Source of heading or term qrmak
856 40 - ELECTRONIC LOCATION AND ACCESS
Uniform Resource Identifier <a href="https://fll.law.cu.edu.eg/fulltext/bks/B07-05756.pdf">https://fll.law.cu.edu.eg/fulltext/bks/B07-05756.pdf</a>
905 ## - Cataloger and Reviser Names
Cataloger Name: Hager Sameh
942 ## - ADDED ENTRY ELEMENTS (KOHA)
Source of classification or shelving scheme Dewey Decimal Classification
Koha item type Books
Edition 21
Suppress in OPAC No
Holdings
Withdrawn status Lost status Source of classification or shelving scheme Damaged status Not for loan Collection Home library Current library Date acquired Total checkouts Full call number Barcode Date last seen Copy number Price effective from Koha item type
    Dewey Decimal Classification   Not for loan القانون الإداري جــــامعة القــاهرة مكتبة كلية الحقوق - المبنى الرئيسي 07.05.2026   Law1 07 345.122044 DU.C 7ed - 1897 0705756 V2 , C1 B07-05756 07.05.2026 1 07.05.2026 Books

© All rights reserved — Faculty of Law, Cairo University